Potencialidades de mejoramiento de la seguridad de tránsito en Chile: identificadas por 208 participantes en 9 grupos de trabajo

Zapisane w:
Opis bibliograficzny
organizacja autorów: Transport and Road Research Laboratory (Autor), Overseas Development Administration (Autor)
Format: Książka
Język:hiszpański
Wydane: Santiago Comisión Nacional de Seguridad de Tránsito 1991
Wydanie:1a. ed
Hasła przedmiotowe:
Etykiety: Dodaj etykietę
Nie ma etykietki, Dołącz pierwszą etykiete!

MARC

LEADER 00000nam a2200000 a 4500
001 UCL3694
003 CL-VaPUC
008 031205e19910000CL |||||||||||||||||spa|d
082 0 4 |a 388.312  |b TRA  |2 21 
110 2 |a Transport and Road Research Laboratory  |e author  |9 481073 
710 2 |a Overseas Development Administration  |e author  |9 481074 
245 1 0 |a Potencialidades de mejoramiento de la seguridad de tránsito en Chile: identificadas por 208 participantes en 9 grupos de trabajo 
250 |a 1a. ed 
300 |a 219 p 
942 |c BK 
945 |d 20031205 00:00:00  |a cmena 
260 |a Santiago  |b Comisión Nacional de Seguridad de Tránsito  |c 1991 
650 0 |a Tráfico  |9 263653 
650 7 |a SEÑALES DE TRANSITO  |2 CL-VaPUC  |9 455964 
650 7 |a TRANSITO URBANO  |2 CL-VaPUC  |9 261078 
650 0 |a Seguridad vial  |9 351161 
583 |a last modification  |c 20031205 00:00:00  |k Rodrigo Vera 
999 |c 306705  |d 306703 
952 |0 0  |1 0  |4 0  |6 388_312000000000000_TRA_1991  |7 0  |8 F  |9 371944  |a BIBING  |b BIBING  |d 2019-11-21  |i 3970167  |o 388.312 TRA 1991  |p 3970167  |r 2025-01-20  |w 2019-11-21  |y BK_F  |k TRA 
952 |0 0  |1 0  |4 0  |6 388_312000000000000_TRA_1991  |7 0  |8 F  |9 371945  |a BIBING  |b BIBING  |d 2019-11-21  |i 3970175  |o 388.312 TRA 1991  |p 3970175  |r 2025-01-20  |w 2019-11-21  |y BK_F  |k TRA